|
|
|
|
| LEADER |
00936cam a2200289 7i4500 |
| 001 |
0000032235 |
| 005 |
20160714090000.0 |
| 007 |
##ta |
| 008 |
160714s2014 nyua 001 0 eng |
| 020 |
# |
# |
|a 9780804139298
|
| 040 |
# |
# |
|a DLC
|
| 090 |
0 |
0 |
|a B 658.11
|b THI
|
| 100 |
1 |
# |
|a Thiel, Peter A.
|e author
|
| 245 |
0 |
0 |
|a ZERO TO ONE :
|b NOTES ON STARTUPS, OR HOW TO BUILD THE FUTURE
|c Peter Thiel with Blake Masters.
|
| 264 |
# |
1 |
|a New York:
|b Crown Business,
|c 2014.
|
| 300 |
# |
# |
|a 210 pages:
|b illustrations;
|c 22 cm.
|
| 336 |
# |
# |
|a text
|2 rdacontent
|
| 337 |
# |
# |
|a unmediated
|2 rdamedia
|
| 338 |
# |
# |
|a volume
|2 rdacarrier
|
| 500 |
# |
# |
|a Includes index
|
| 650 |
# |
0 |
|a Entrepreneurship
|
| 650 |
# |
0 |
|a New products
|
| 650 |
# |
0 |
|a Diffusion of innovations
|
| 650 |
# |
0 |
|a New business enterprises
|
| 700 |
1 |
# |
|a Masters, Blake(
|d 1986-)
|
| 999 |
|
|
|a B00036002
|b Book
|c Book
|e Business Information Centre
|
| 999 |
|
|
|a B000036002
|b Book
|c Book
|e Business Information Centre
|